Örökösök közkereseti társaságának társasági illetéke
Elmentve itt :
| Dokumentumtípus: | Cikk |
|---|---|
| Megjelent: |
1929
|
| Sorozat: | Polgári jog : a hazai és külföldi magánjog és hiteljog szemléje
5 |
| Kulcsszavak: | Illeték törvénykezés |
| Online Access: | http://misc.bibl.u-szeged.hu/5386 |
| LEADER | 00589nab a2200157 i 4500 | ||
|---|---|---|---|
| 001 | misc5386 | ||
| 005 | 20191106142744.0 | ||
| 008 | 170607s1929 hu o 0|| hun d | ||
| 040 | |a SZTE Miscellanea Repozitórium |b hun | ||
| 041 | |a hun | ||
| 245 | 0 | 0 | |a Örökösök közkereseti társaságának társasági illetéke |h [elektronikus dokumentum] |
| 260 | |c 1929 | ||
| 300 | |a 253-254b | ||
| 490 | 0 | |a Polgári jog : a hazai és külföldi magánjog és hiteljog szemléje |v 5 | |
| 695 | |a Illeték törvénykezés | ||
| 856 | 4 | 0 | |u http://misc.bibl.u-szeged.hu/5386/1/polgari_jog_1929_253-254b.pdf |z Dokumentum-elérés |